Central Library OPAC University of Rajshahi

منهج الإيسيسكو التوجيهي لتكوين مكوني المدارس العربية الإسلامية /;; Manhaj al-Īsīskū al-tawjīhī li-takwīn mukawwinī al-madāris al-ʻArabīyah al-Islāmīyah / (Record no. 79166)

MARC details
000 -LEADER
fixed length control field 01318naa a2200265 a 4500
001 - CONTROL NUMBER
control field 79166
003 - CONTROL NUMBER IDENTIFIER
rucl marc code BD-RjUL
005 - DATE AND TIME OF LATEST TRANSACTION
control field 20220112130421.0
008 - FIXED-LENGTH DATA ELEMENTS--GENERAL INFORMATION
fixed length control field 220112s1998 le ||||| |||| 00| 0 ara d
020 ## - INTERNATIONAL STANDARD BOOK NUMBER
International Standard Book Number 9981261513
035 ## - SYSTEM CONTROL NUMBER
System control number (BD-RjUL)79166
040 ## - CATALOGING SOURCE
Original cataloging agency BD-RjUL
Language of cataloging eng
Transcribing agency BD-RjUL
041 ## - LANGUAGE CODE
Language code of text/sound track or separate title ara
082 ## - DEWEY DECIMAL CLASSIFICATION NUMBER
Edition number 23
Classification number 297.77
Author mark and year MIM 1998
100 ## - MAIN ENTRY--PERSONAL NAME
Personal name احبادو، ميلود ;; Ahabado, Miloud
9 (RLIN) 683
245 ## - TITLE STATEMENT
Title منهج الإيسيسكو التوجيهي لتكوين مكوني المدارس العربية الإسلامية /;; Manhaj al-Īsīskū al-tawjīhī li-takwīn mukawwinī al-madāris al-ʻArabīyah al-Islāmīyah /
Statement of responsibility, etc. taʼlīf Mīlūd Aḥbādū.-- [and others]. ;; تأليف ميلود احبادو ... [وآخ.]
260 ## - PUBLICATION, DISTRIBUTION, ETC. (IMPRINT)
Place of publication, distribution, etc. الرباط: [Rabat] :
Name of publisher, distributor, etc. المنظمة الإسلامية للتربية والعلوم والثقافة، إيسيسكو،;; al-Munaẓẓamah al-Islāmīyah lil-Tarbiyah wa-al-ʻUlūm wa-al-Thaqāfah, Īsīskū,
Date of publication, distribution, etc. 1998
650 ## - SUBJECT ADDED ENTRY--TOPICAL TERM
Topical term or geographic name as entry element Islamic education.
9 (RLIN) 684
Topical term or geographic name as entry element Education
Form subdivision Arab countries.
9 (RLIN) 685
Topical term or geographic name as entry element Education.
9 (RLIN) 686
700 ## - ADDED ENTRY--PERSONAL NAME
Personal name Al Hamdi, Khaled ;; الحمدي, خالد
Personal name Hussein Aziz ;; الحسين, عزيز
Personal name Hilali, Mustafa ;; الهلالي, مصطفي
942 ## - ADDED ENTRY ELEMENTS (KOHA)
Source of classification or shelving scheme Dewey Decimal Classification
Koha item type Books
Holdings
Lost status Source of classification or shelving scheme Damaged status Not for loan Collection code Permanent Location Current Location Shelving location Date acquired Source of acquisition Full call number Date last seen Copy number Koha item type
  Dewey Decimal Classification   Not For Loan Non-fiction Central Library, University of Rajshahi Central Library, University of Rajshahi Reading Room 17/08/1999 Īsīskū ;; الإيسيسكو A 297.77 MIM 1998 12/01/2022 C-1 Books
  Dewey Decimal Classification   Not For Loan Non-fiction Central Library, University of Rajshahi Central Library, University of Rajshahi General Stacks 17/08/1999 Īsīskū ;; الإيسيسكو A 297.77 MIM 1998 12/01/2022 C-2 Books